Städte Spaniens - Bilderquiz - Statistiken

Allgemein
  • Dieses Quiz wurde 56 mal gespielt
  • Das Durchschnittsergebnis liegt bei 11 aus 20
Antwortstatistiken
Bildquiz Antwort % Korrekt
Barcelona
100%
Madrid
96%
Valencia
90%
Bilbao
88%
Palma de Mallorca
82%
Sevilla
82%
Malaga
80%
Pamplona
63%
Granada
57%
Saragossa
57%
Cadiz
47%
Santiago de Compostela
47%
Cordoba
43%
Murcia
41%
Toledo
37%
Girona
35%
Gijon
27%
Burgos
16%
Lloret de Mar
12%
Segovia
8%
Keine übereinstimmenden Quizze gefunden
Verteilung der Resultate
Anzahl Personen mit jedem Resultat
Perzentil nach korrekt beantworteten Fragen
Ihre Resultats-Entwicklung
Sie haben dieses Quiz noch nicht gespielt